| 000 | 01199nam0a2200325 4500 | ||
|---|---|---|---|
| 001 | RU\NLR\bibl\1324052 | ||
| 005 | 20260408152935.0 | ||
| 010 |
_a5-98863-007-3 _9500 |
||
| 021 |
_aRU _b2008-96477 _95657 |
||
| 035 | _a(NLR Aleph) 001309373 | ||
| 090 |
_a669673 _c669673 |
||
| 100 | _a20090203d2008 |||y0rusy50 ca | ||
| 101 | 0 | _arus | |
| 102 | _aRU | ||
| 105 | _ay ||||||||| | ||
| 200 | 1 |
_aПонятие как форма рационального познания _fД.В. Власов |
|
| 210 |
_aМосква _cИзд-во ОВЛ _d2008 |
||
| 215 |
_a187, [1] с. _d20 |
||
| 320 | _aБиблиогр. в конце кн. (237 назв.) и в примеч. | ||
| 606 |
_aФилософия западноевропейская _xКритика _3RU\NLR\auth\6628108 _9938402 |
||
| 686 | _aЮ421.0 | ||
| 686 | _aЮ223 | ||
| 686 | _aЮ251.31 | ||
| 700 | 1 |
_4070 _8rus _7ca _aВласов _bД. В. _cканд. экон. наук, автор книг по философии _gДенис Владимирович _3RU\NLR\auth\7774065 _956993 |
|
| 801 | 0 |
_aRU _bNLR _c20090203 _gRCR |
|
| 801 | 1 |
_aRU _bNLR _c20090203 |
|
| 830 | _aавт. по кн. | ||
| 942 | _cBOOK | ||
| 980 | _aNB | ||